| 000 | 01058nam a22002297a 4500 | ||
|---|---|---|---|
| 005 | 20240530110509.0 | ||
| 008 | 151026s2011 ua a f 000 0 ara d | ||
| 017 |
_a2011/5984 _bمصر . دار الكتب المصرية |
||
| 040 | _aEG-CaGPL | ||
| 082 | 0 | 4 |
_221 _a303.4 _bق/س ش |
| 100 | 0 | _aسمير الحفناوى . | |
| 245 | 1 | 0 |
_aالشعارات و الهتافات الفكاهية فى الثورة المصرية : _bدراسة وثائقية و تحليلية فى سيكلوجية الشخصية المصرية و اثرها الايجابى على المجتمع الدولى المعاصر / _cتاليف سمير الحفناوى . |
| 250 | _aط1. | ||
| 260 |
_aالقاهرة : _bمكتبة جزيرة الورد ، _c2011 . |
||
| 300 |
_a320 ص ؛ _c24 سم . |
||
| 650 | 0 | 4 |
_aثورة 25 يناير _vصور . |
| 650 | 0 | 4 | _aثورة 25 يناير . |
| 650 | 0 | 4 |
_aثورة 25 يناير _xكاريكاتير . |
| 650 | 0 | 4 |
_aثورة 25 يناير _xشعارات . |
| 942 |
_2ddc _cBK |
||
| 999 |
_c61644 _d61644 |
||